| 000 | 00778pam a2200229 a 4500 | ||
|---|---|---|---|
| 008 | |||
| 020 | _a0890047898 | ||
| 049 | _aMAIN | ||
| 090 | _aRC804.E6 BLA 1984 | ||
| 100 | 1 | _aBlackstone, Michael O. | |
| 245 | 1 | 0 |
_aEndoscopic interpretation : _bnormal and pathologic appearances of the gastrointestinal tract / _cMichael O. Blackstone. |
| 260 |
_aNew York : _bRaven Press, _c[1984] |
||
| 300 |
_axv, 575 p. : _bill. (some col.) ; _c29 cm. |
||
| 504 | _aIncludes bibliographical references and index. | ||
| 650 | 0 | _aEndoscopy. | |
| 650 | 0 |
_aGastrointestinal system _xDiseases _xDiagnosis. |
|
| 907 |
_a.b10204702 _b08-06-06 _c08-06-06 |
||
| 003 | |||
| 005 | 20230123134219.0 | ||
| 040 | _cNUST | ||
| 942 |
_cBOOKS _kRC804.E6 BLA 1984 |
||
| 999 |
_c162009 _d162009 |
||